[Event "KUW Challenge Cup 2nd"]
[Site "Kuwait"]
[Date "2017.09.19"]
[Round "3.2"]
[White "Alotaibi, Khaled"]
[Black "Alhindawi, Abdullah"]
[Result "0-1"]
[WhiteElo "1385"]
[BlackElo "1516"]
[PlyCount "61"]
[EventDate "2017.09.17"]
[EventType "team-swiss"]
[EventRounds "9"]
[EventCountry "KUW"]
[SourceTitle "EXT 2019"]
[Source "ChessBase"]
[SourceDate "2018.10.10"]
[SourceVersion "1"]
[SourceVersionDate "2018.10.10"]
[SourceQuality "1"]

1. d4 Nf6 2. c4 g6 3. Nc3 Bg7 4. e4 d6 5. Bd3 0-0 6. Be3 Nbd7 7. Nf3 Qe8 8. Qd2 Ng4 9. Bg5 c6 10. h3 f6 11. hxg4 fxg5 12. Qxg5 e5 13. Rxh7 Kxh7 14. Qh4+ Kg8 15. Ng5 Rf6 16. c5 d5 17. 0-0-0 exd4 18. Ne2 Ne5 19. Nxd4 Bxg4 20. f3 Nxd3+ 21. Rxd3 dxe4 22. Re3 Rf4 23. fxg4 Bxd4 24. Qh7+ Kf8 25. Qh6+ Ke7 26. Rxe4+ Rxe4 27. Nxe4 Qf7 28. Qg5+ Kd7 29. Qd2 Qf1+ 30. Kc2 Qc4+ 31. Kb1 0-1